[Event "2nd Turkish League 2017"]
[Site "Konya"]
[Date "2017.07.20"]
[Round "5"]
[White "Arman, Deniz"]
[Black "Rasulov, Vugar"]
[Result "1/2-1/2"]
[WhiteElo "2273"]
[BlackElo "2517"]
[Annotator "TA"]
[PlyCount "87"]
[EventType "team-tourn"]
[EventCountry "TUR"]
[SourceTitle "playchess.com"]
[Source "ChessBase"]
[SourceQuality "1"]

{[%evp 14,87,6,-14,10,0,0,0,16,-7,0,-10,0,0,10,0,0,0,0,-18,-15,-15,-16,-16,21,21,20,11,16,-9,2,6,13,13,23,23,21,7,32,0,1,-8,-8,-9,-8,-14,-5,-8,0,0,-10,-43,-43,-83,-24,-47,5,6,14,0,0,0,0,0,0,0,0,0,0,0,0,0,0,0,76,58]} 1. e4 c5 2. g3 d5 3. exd5 Qxd5 4. Nf3 Bg4 5. Bg2 Qe6+ 6. Kf1 Nc6 7. h3 Bh5 8. d3 Nf6 {B20: Sicilian: Unusual White 2nd moves} 9. Nc3 Qd7 (9... Rd8 10. Kg1 Qc8 11. Kh2 e6 12. Bf4 Be7 13. Re1 O-O 14. Qc1 Nd4 15. Ne5 Nd7 16. g4 Nxe5 17. Bxe5 {1-0 (61) Mamedov,R (2688)-Najer,E (2679) Doha 2016}) 10. Bf4 Bxf3 {The position is equal.} 11. Qxf3 $146 e6 12. Kg1 Be7 13. Kh2 O-O 14. Rhe1 Rac8 15. Rac1 Rfd8 16. g4 Bd6 17. Bxd6 Qxd6+ 18. Qg3 b6 (18... Qd4 {seems wilder.} 19. a3 b6 20. Bxc6 Rxc6 21. Qf3 Rcc8) 19. Qxd6 Rxd6 20. Bxc6 Rdxc6 21. f4 Rd8 22. b3 a6 23. Kg3 Kf8 24. Re5 Nd7 25. Re4 Rd6 26. a4 Nb8 27. b4 cxb4 28. Rxb4 Rc6 29. Ne2 Nd7 30. Kf3 e5 31. Re4 exf4 32. Nxf4 Rdc8 33. Re2 Rc3 (33... g5 $17 {Strongly threatening ...Rf6.} 34. Nh5 Rc3) 34. g5 f6 ({Black should try} 34... Ra3 $15) 35. gxf6 $11 gxf6 36. Re6 Rxc2 37. Rxc2 Rxc2 {[%mdl 4096] Endgame KRN-KRN} 38. Nd5 Rd2 39. Nxb6 Kf7 40. Rd6 Ne5+ 41. Ke4 Re2+ 42. Kf5 Rf2+ 43. Ke4 Kg6 (43... Re2+ $11 44. Kf5 Rf2+ 45. Ke4 Re2+) 44. Nc4 {Precision: White = 43%, Black = 51%.} 1/2-1/2

[Event "2nd Turkish League 2017"]
[Site "Konya"]
[Date "2017.07.20"]
[Round "5"]
[White "Ozturk, Emir"]
[Black "Akca, Gani Eren"]
[Result "1/2-1/2"]
[WhiteElo "2202"]
[BlackElo "2158"]
[Annotator "ChessBase"]
[PlyCount "149"]
[EventType "team-tourn"]
[EventCountry "TUR"]
[SourceTitle "playchess.com"]
[Source "ChessBase"]
[SourceQuality "1"]
[TimeControl "5400+30"]

1. d4 {[%emt 0:00:30]} Nf6 {[%emt 0:01:00]} 2. c4 {[%emt 0:00:00]} g6 {[%emt 0:00:30]} 3. Nf3 {[%emt 0:00:00]} Bg7 {[%emt 0:00:00]} 4. g3 {[%emt 0:00:30]} O-O {[%emt 0:00:00]} 5. Bg2 {[%emt 0:00:30]} d6 {[%emt 0:00:00]} 6. Nc3 {[%emt 0:00:00]} Nc6 {[%emt 0:00:00]} 7. O-O {[%emt 0:00:00]} e5 {[%emt 0:00:30]} 8. d5 {[%emt 0:01:30]} Ne7 {[%emt 0:00:30]} 9. e4 {[%emt 0:00:00]} Nd7 {[%emt 0:00:00]} 10. Ne1 {[%emt 0:01:00]} f5 {[%emt 0:00:00]} 11. Nd3 {[%emt 0:00:30]} Nf6 {[%emt 0:00:30]} 12. Bg5 {[%emt 0:00:30]} Nxe4 {[%emt 0:00:30]} 13. Nxe4 {[%emt 0:00:30]} fxe4 {[%emt 0:00:30]} 14. Bxe4 {[%emt 0:00:30]} Qe8 {[%emt 0:00:00]} 15. g4 {[%emt 0:17:30]} Kh8 {[%emt 0:03:00]} 16. h3 {[%emt 0:01:30]} Ng8 {[%emt 0:02:30]} 17. Qd2 {[%emt 0:01:30]} h6 {[%emt 0:18:30]} 18. Be3 {[%emt 0:06:30]} Nf6 {[%emt 0:00:30]} 19. Bg2 {[%emt 0:06:30]} e4 {[%emt 0:01:30]} 20. Nf4 {[%emt 0:04:30]} g5 {[%emt 0:14:30]} 21. Ne2 {[%emt 0:01:30]} Nd7 {[%emt 0:06:30]} 22. Qc2 {[%emt 0:04:30]} h5 {[%emt 0:09:30]} 23. gxh5 {[%emt 0:08:30]} Ne5 {[%emt 0:05:30]} 24. Ng3 {[%emt 0:04:30]} Nf3+ {[%emt 0:01:30]} 25. Kh1 {[%emt 0:00:30]} g4 {[%emt 0:00:30]} 26. h6 {[%emt 0:09:30]} Be5 {[%emt 0:01:30]} 27. Rae1 {[%emt 0:18:29]} Nxe1 {[%emt 0:09:30]} 28. Rxe1 {[%emt 0:00:30]} gxh3 {[%emt 0:00:30]} 29. Bxe4 {[%emt 0:00:30]} Bg4 {[%emt 0:00:30]} 30. Bg5 {[%emt 0:03:23]} Qf7 {[%emt 0:11:56]} 31. f4 {[%emt 0:00:46]} Bxf4 {[%emt 0:01:25]} 32. Rf1 {[%emt 0:00:19]} Bxg3 {[%emt 0:03:21]} 33. Rxf7 {[%emt 0:02:02]} Rxf7 {[%emt 0:00:07]} 34. Qd3 {[%emt 0:00:25]} Raf8 {[%emt 0:01:51]} 35. Qxg3 {[%emt 0:01:40]} Rf1+ {[%emt 0:00:30]} 36. Kh2 {[%emt 0:00:30]} R8f2+ {[%emt 0:00:30]} 37. Qxf2 {[%emt 0:00:00]} Rxf2+ {[%emt 0:00:00]} 38. Kg3 {[%emt 0:00:00]} Rf1 {[%emt 0:04:15]} 39. Kxg4 {[%emt 0:06:14]} h2 {[%emt 0:00:18]} 40. Bd8 {[%emt 0:00:42]} c6 {[%emt 0:04:49]} 41. dxc6 {[%emt 0:01:22]} bxc6 {[%emt 0:00:06]} 42. Bxc6 {[%emt 0:00:08]} h1=Q {[%emt 0:00:56]} 43. Bxh1 {[%emt 0:00:30]} Rxh1 {[%emt 0:00:00]} 44. Bg5 {[%emt 0:00:16]} Rh2 {[%emt 0:01:33]} 45. Kf5 {[%emt 0:00:35]} Kh7 {[%emt 0:00:07]} 46. Bf6 {[%emt 0:00:26]} Kxh6 {[%emt 0:00:38]} 47. Ke6 {[%emt 0:00:10]} Kg6 {[%emt 0:00:24]} 48. Bd4 {[%emt 0:00:49]} Rc2 {[%emt 0:01:31]} 49. Bc3 {[%emt 0:00:20]} Re2+ {[%emt 0:00:16]} 50. Kxd6 {[%emt 0:00:30]} Kf7 {[%emt 0:00:00]} 51. a4 {[%emt 0:00:36]} Re4 {[%emt 0:00:37]} 52. Kd5 {[%emt 0:00:30]} Rg4 {[%emt 0:00:22]} 53. b4 {[%emt 0:00:53]} a6 {[%emt 0:00:33]} 54. Bd4 {[%emt 0:00:33]} Ke7 {[%emt 0:00:38]} 55. c5 {[%emt 0:00:12]} Kd7 {[%emt 0:00:31]} 56. b5 {[%emt 0:00:52]} axb5 {[%emt 0:00:41]} 57. axb5 {[%emt 0:00:08]} Rg2 {[%emt 0:00:17]} 58. b6 {[%emt 0:00:20]} Rc2 {[%emt 0:00:38]} 59. Be5 {[%emt 0:01:04]} Rd2+ {[%emt 0:00:07]} 60. Bd4 {[%emt 0:00:29]} Rc2 {[%emt 0:00:30]} 61. Be3 {[%emt 0:00:00]} Rc3 {[%emt 0:00:24]} 62. Bf4 {[%emt 0:00:15]} Rd3+ {[%emt 0:00:07]} 63. Ke4 {[%emt 0:01:37]} Rb3 {[%emt 0:00:17]} 64. Kd5 {[%emt 0:00:19]} Rd3+ {[%emt 0:00:16]} 65. Kc4 {[%emt 0:00:07]} Rf3 {[%emt 0:00:11]} 66. Bd6 {[%emt 0:00:21]} Kc6 {[%emt 0:00:08]} 67. Kb4 {[%emt 0:00:29]} Rf2 {[%emt 0:00:15]} 68. Kc4 {[%emt 0:00:22]} Ra2 {[%emt 0:00:19]} 69. Kd4 {[%emt 0:00:02]} Rd2+ {[%emt 0:00:14]} 70. Ke5 {[%emt 0:00:05]} Re2+ {[%emt 0:00:37]} 71. Kf6 {[%emt 0:00:02]} Re1 {[%emt 0:00:20]} 72. Kf7 {[%emt 0:00:03]} Re2 {[%emt 0:00:43]} 73. Kf8 {[%emt 0:00:02]} Re1 {[%emt 0:00:58]} 74. Kf7 {[%emt 0:00:07]} Re2 {[%emt 0:00:45]} 75. Kf8 {[%emt 0:00:07]} 1/2-1/2

[Event "2nd Turkish League 2017"]
[Site "Konya"]
[Date "2017.07.20"]
[Round "5"]
[White "Yagiz, Yasin Emrah"]
[Black "Buker, Muhittin"]
[Result "1-0"]
[WhiteElo "2172"]
[BlackElo "2006"]
[Annotator "ChessBase"]
[PlyCount "93"]
[EventType "team-tourn"]
[EventCountry "TUR"]
[SourceTitle "playchess.com"]
[Source "ChessBase"]
[SourceQuality "1"]
[TimeControl "5400+30"]

1. c4 {[%emt 0:00:30]} c5 {[%emt 0:01:00]} 2. Nc3 {[%emt 0:01:30]} Nc6 {[%emt 0:00:30]} 3. g3 {[%emt 0:00:30]} Nf6 {[%emt 0:00:30]} 4. Bg2 {[%emt 0:00:30]} g6 {[%emt 0:00:00]} 5. Nf3 {[%emt 0:03:30]} Bg7 {[%emt 0:00:00]} 6. O-O {[%emt 0:00:30]} O-O {[%emt 0:00:00]} 7. d4 {[%emt 0:01:30]} cxd4 {[%emt 0:00:00]} 8. Nxd4 {[%emt 0:00:00]} Nxd4 {[%emt 0:00:30]} 9. Qxd4 {[%emt 0:00:00]} d6 {[%emt 0:00:30]} 10. Qd2 {[%emt 0:04:30]} Qc7 {[%emt 0:01:30]} 11. b3 {[%emt 0:01:30]} Bd7 {[%emt 0:01:30]} 12. Bb2 {[%emt 0:01:30]} Bc6 {[%emt 0:00:00]} 13. e4 {[%emt 0:02:30]} a6 {[%emt 0:01:00]} 14. Rac1 {[%emt 0:02:30]} Rac8 {[%emt 0:05:30]} 15. Rfe1 {[%emt 0:04:30]} Rfe8 {[%emt 0:03:30]} 16. Bh3 {[%emt 0:10:30]} Bd7 {[%emt 0:04:30]} 17. Nd5 {[%emt 0:01:30]} Qd8 {[%emt 0:11:30]} 18. Nxf6+ {[%emt 0:06:30]} Bxf6 {[%emt 0:00:30]} 19. Bxf6 {[%emt 0:02:30]} Bxh3 {[%emt 0:02:30]} 20. Bc3 {[%emt 0:01:30]} Qd7 {[%emt 0:01:30]} 21. f3 {[%emt 0:03:30]} Be6 {[%emt 0:03:30]} 22. g4 {[%emt 0:04:30]} b5 {[%emt 0:08:30]} 23. Rcd1 {[%emt 0:11:30]} Qa7+ {[%emt 0:06:30]} 24. Bd4 {[%emt 0:01:30]} Qb7 {[%emt 0:00:30]} 25. Qh6 {[%emt 0:03:30]} f6 {[%emt 0:00:30]} 26. g5 {[%emt 0:02:30]} Rf8 {[%emt 0:03:30]} 27. f4 {[%emt 0:05:30]} Bg4 {[%emt 0:03:30]} 28. gxf6 {[%emt 0:06:16]} exf6 {[%emt 0:00:30]} 29. Rd3 {[%emt 0:00:36]} Rce8 {[%emt 0:14:30]} 30. Rde3 {[%emt 0:01:00]} bxc4 {[%emt 0:00:30]} 31. f5 {[%emt 0:03:18]} Bh5 {[%emt 0:05:30]} 32. Kf2 {[%emt 0:09:42]} cxb3 {[%emt 0:09:58]} 33. Rg1 {[%emt 0:00:12]} b2 {[%emt 0:05:50]} 34. Qxh5 {[%emt 0:02:39]} b1=Q {[%emt 0:00:28]} 35. Rxb1 {[%emt 0:00:22]} Qxb1 {[%emt 0:01:30]} 36. fxg6 {[%emt 0:00:01]} Qc2+ {[%emt 0:01:22]} 37. Re2 {[%emt 0:01:31]} Qc7 {[%emt 0:00:06]} 38. Kf3 {[%emt 0:00:49]} Re7 {[%emt 0:02:42]} 39. Rg2 {[%emt 0:01:10]} hxg6 {[%emt 0:02:05]} 40. Rxg6+ {[%emt 0:00:41]} Rg7 {[%emt 0:00:02]} 41. Rh6 {[%emt 0:00:17]} Rh7 {[%emt 0:00:51]} 42. Qg4+ {[%emt 0:00:22]} Kh8 {[%emt 0:00:00]} 43. Rxf6 {[%emt 0:00:32]} Rxf6+ {[%emt 0:02:03]} 44. Bxf6+ {[%emt 0:00:33]} Rg7 {[%emt 0:00:30]} 45. Qxg7+ {[%emt 0:00:30]} Qxg7 {[%emt 0:00:30]} 46. Bxg7+ {[%emt 0:00:00]} Kxg7 {[%emt 0:00:00]} 47. Ke3 {[%emt 0:00:00]} 1-0

[Event "2nd Turkish League 2017"]
[Site "Konya"]
[Date "2017.07.20"]
[Round "5"]
[White "Eren, Baran"]
[Black "Duman, Aydin"]
[Result "0-1"]
[WhiteElo "2143"]
[BlackElo "2056"]
[Annotator "NA"]
[PlyCount "158"]
[EventType "team-tourn"]
[EventCountry "TUR"]
[SourceTitle "playchess.com"]
[Source "ChessBase"]
[SourceQuality "1"]
[TimeControl "5400+30"]

1. c4 {[%emt 0:00:30]} g6 {[%emt 0:01:00]} 2. Nc3 {[%emt 0:00:30]} Bg7 {[%emt 0:00:30]} 3. g3 {[%emt 0:00:00]} c5 {[%emt 0:00:30]} 4. Bg2 {[%emt 0:00:00]} Nc6 {[%emt 0:00:30]} 5. a3 {[%emt 0:00:00]} a5 {[%emt 0:00:00]} 6. Nf3 {[%emt 0:02:00]} d6 {[%emt 0:00:00]} 7. O-O {[%emt 0:02:30]} e5 {[%emt 0:00:00]} 8. Ne1 {[%emt 0:04:30]} Nge7 {[%emt 0:00:00]} 9. Nc2 {[%emt 0:00:30]} Rb8 {[%emt 0:07:30]} 10. Ne3 {[%emt 0:02:30]} O-O {[%emt 0:01:30]} 11. Ned5 {[%emt 0:00:30]} Nxd5 {[%emt 0:02:30]} 12. Nxd5 {[%emt 0:00:30]} Bd7 {[%emt 0:00:30]} 13. a4 {[%emt 0:07:30]} Ne7 {[%emt 0:03:30]} 14. e3 {[%emt 0:06:30]} Nxd5 {[%emt 0:00:30]} 15. Bxd5 {[%emt 0:00:00]} Bc6 {[%emt 0:01:30]} 16. d3 {[%emt 0:13:00]} Bxd5 {[%emt 0:16:30]} 17. cxd5 {[%emt 0:00:30]} f5 {[%emt 0:00:30]} 18. Bd2 {[%emt 0:00:30]} b6 {[%emt 0:06:30]} 19. Bc3 {[%emt 0:10:30]} Qd7 {[%emt 0:00:30]} 20. f4 {[%emt 0:00:30]} Rfe8 {[%emt 0:05:30]} 21. Re1 {[%emt 0:07:30]} e4 {[%emt 0:05:30]} 22. Ra3 {[%emt 0:05:30]} exd3 {[%emt 0:01:30]} 23. Qxd3 {[%emt 0:00:30]} Re4 {[%emt 0:00:30]} 24. g4 {[%emt 0:05:30]} Bxc3 {[%emt 0:02:30]} 25. bxc3 {[%emt 0:01:30]} c4 {[%emt 0:00:30]} 26. Qc2 {[%emt 0:08:30]} Rbe8 {[%emt 0:01:30]} 27. Qf2 {[%emt 0:00:30]} fxg4 {[%emt 0:01:30]} 28. Ra2 {[%emt 0:00:00]} Qf5 {[%emt 0:02:30]} 29. Rd2 {[%emt 0:02:00]} g5 {[%emt 0:12:30]} 30. fxg5 {[%emt 0:00:30]} Qxg5 {[%emt 0:00:30]} 31. Rd4 {[%emt 0:01:00]} Rxd4 {[%emt 0:06:30]} 32. exd4 {[%emt 0:02:14]} Rf8 {[%emt 0:01:30]} 33. Qe2 {[%emt 0:00:40]} Qxd5 {[%emt 0:00:30]} 34. Qxg4+ {[%emt 0:02:20]} Kh8 {[%emt 0:00:30]} 35. Qe4 {[%emt 0:00:00]} Qxe4 {[%emt 0:05:24]} 36. Rxe4 {[%emt 0:00:00]} Rf3 {[%emt 0:00:02]} 37. Re6 {[%emt 0:00:31]} Rxc3 {[%emt 0:00:30]} 38. Rxd6 {[%emt 0:00:00]} Rd3 {[%emt 0:01:40]} 39. Rxb6 {[%emt 0:00:04]} Rxd4 {[%emt 0:00:00]} 40. Rc6 {[%emt 0:00:48]} Kg7 {[%emt 0:00:50]} 41. Kf2 {[%emt 0:01:22]} c3 {[%emt 0:00:30]} 42. Rxc3 {[%emt 0:00:00]} Rxa4 {[%emt 0:00:00]} 43. Rc6 {[%emt 0:01:57]} Rf4+ {[%emt 0:00:32]} 44. Kg3 {[%emt 0:04:28]} Rf6 {[%emt 0:00:34]} 45. Rc7+ {[%emt 0:00:30]} Rf7 {[%emt 0:00:00]} 46. Rc4 {[%emt 0:00:12]} Ra7 {[%emt 0:00:22]} 47. Ra4 {[%emt 0:00:00]} Kf6 {[%emt 0:00:41]} 48. Kf4 {[%emt 0:00:39]} Ke6 {[%emt 0:00:30]} 49. h4 {[%emt 0:00:20]} Kd5 {[%emt 0:04:54]} 50. Kg5 {[%emt 0:00:51]} Kc5 {[%emt 0:00:33]} 51. Kh6 {[%emt 0:00:54]} Kb5 {[%emt 0:00:07]} 52. Ra1 {[%emt 0:00:00]} a4 {[%emt 0:00:35]} 53. h5 {[%emt 0:00:06]} Kb4 {[%emt 0:00:00]} 54. Rg1 {[%emt 0:00:29]} a3 {[%emt 0:00:15]} 55. Rg4+ {[%emt 0:01:17]} Kc5 {[%emt 0:00:52]} 56. Rg2 {[%emt 0:00:52]} Kd5 {[%emt 0:00:40]} 57. Rd2+ {[%emt 0:04:58]} Ke4 {[%emt 0:02:31]} 58. Re2+ {[%emt 0:02:10]} Kf4 {[%emt 0:01:10]} 59. Ra2 {[%emt 0:01:02]} Kg3 {[%emt 0:00:46]} 60. Ra1 {[%emt 0:00:14]} a2 {[%emt 0:01:08]} 61. Rg1+ {[%emt 0:00:08]} Kf4 {[%emt 0:00:20]} 62. Rf1+ {[%emt 0:00:14]} Ke5 {[%emt 0:02:11]} 63. Re1+ {[%emt 0:00:04]} Kf6 {[%emt 0:01:00]} 64. Rf1+ {[%emt 0:01:52]} Ke6 {[%emt 0:00:30]} 65. Re1+ {[%emt 0:00:30]} Kf7 {[%emt 0:00:01]} 66. Rf1+ {[%emt 0:00:11]} Kg8 {[%emt 0:00:15]} 67. Rg1+ {[%emt 0:01:30]} Kh8 {[%emt 0:00:30]} 68. Ra1 {[%emt 0:00:00]} Ra6+ {[%emt 0:00:00]} 69. Kg5 {[%emt 0:00:00]} h6+ {[%emt 0:01:09]} 70. Kf5 {[%emt 0:01:51]} Kg7 {[%emt 0:00:30]} 71. Ke5 {[%emt 0:00:00]} Kf7 {[%emt 0:00:00]} 72. Kd5 {[%emt 0:00:32]} Kf6 {[%emt 0:00:43]} 73. Ke4 {[%emt 0:00:26]} Kg5 {[%emt 0:00:04]} 74. Ke5 {[%emt 0:00:20]} Kxh5 {[%emt 0:00:30]} 75. Kf5 {[%emt 0:00:01]} Ra5+ {[%emt 0:00:10]} 76. Kf4 {[%emt 0:00:47]} Kg6 {[%emt 0:00:13]} 77. Rg1+ {[%emt 0:00:55]} Kf6 {[%emt 0:00:30]} 78. Ra1 {[%emt 0:00:30]} Ra4+ {[%emt 0:00:00]} 79. Kg3 {[%emt 0:00:00]} Ke5 {[%emt 0:01:04]} 0-1

[Event "2nd Turkish League 2017"]
[Site "Konya"]
[Date "2017.07.20"]
[Round "5"]
[White "Bayrak, Asli"]
[Black "Keskin, Suara"]
[Result "1-0"]
[WhiteElo "2056"]
[BlackElo "1716"]
[Annotator "NA"]
[PlyCount "63"]
[EventType "team-tourn"]
[EventCountry "TUR"]
[SourceTitle "playchess.com"]
[Source "ChessBase"]
[SourceQuality "1"]
[TimeControl "5400+30"]

1. e4 {[%emt 0:00:30]} d6 {[%emt 0:01:00]} 2. c4 {[%emt 0:02:30]} Nf6 {[%emt 0:01:30]} 3. Nc3 {[%emt 0:00:30]} g6 {[%emt 0:00:30]} 4. d4 {[%emt 0:00:30]} Bg7 {[%emt 0:00:00]} 5. Nf3 {[%emt 0:00:30]} O-O {[%emt 0:00:00]} 6. h3 {[%emt 0:00:30]} c6 {[%emt 0:01:30]} 7. Be3 {[%emt 0:01:30]} Qc7 {[%emt 0:08:30]} 8. Be2 {[%emt 0:03:30] E90: King's Indian: Classical: Early deviations and 6 h3} e5 {[%emt 0:01:30]} 9. d5 {[%emt 0:01:30]} Na6 {[%emt 0:01:30]} 10. Qc2 $146 {[%emt 0:07:30]} ({Predecessor:} 10. O-O Nc5 11. Nd2 b6 12. Rc1 Qe7 13. b4 Na6 {1-0 (13) Grunberg,M (2400)-David,V (2192) Bucharest 2001}) 10... Ne8 {[%emt 0:10:30]} 11. g4 {[%emt 0:08:30]} f5 {[%emt 0:19:30]} 12. gxf5 {[%emt 0:07:30]} gxf5 {[%emt 0:00:30]} 13. exf5 {[%emt 0:01:30]} Bxf5 {[%emt 0:00:30]} 14. Qd2 {[%emt 0:00:00]} Nb4 {[%emt 0:01:30]} 15. Rc1 {[%emt 0:00:00]} Qf7 {[%emt 0:15:30]} 16. Ng5 {[%emt 0:17:30]} Qg6 {[%emt 0:04:30]} 17. h4 {[%emt 0:00:00]} Nc2+ {[%emt 0:03:30]} 18. Rxc2 {[%emt 0:00:00]} Bxc2 {[%emt 0:00:00]} 19. h5 {[%emt 0:03:30]} Qf5 {[%emt 0:02:00]} 20. h6 $18 {[%emt 0:10:30]} Bf6 {[%emt 0:07:35]} 21. Ne6 {[%emt 0:01:30]} Rf7 {[%emt 0:01:09]} 22. Bh5 {[%emt 0:08:30]} Re7 {[%emt 0:00:24]} 23. Rg1+ {[%emt 0:04:52]} Kh8 {[%emt 0:00:18]} 24. Ng5 {[%emt 0:02:05]} Bxg5 {[%emt 0:06:25]} 25. Bxg5 {[%emt 0:00:12]} Rc7 {[%emt 0:00:47]} 26. Bxe8 {[%emt 0:08:16]} Rxe8 {[%emt 0:00:28]} 27. Qxc2 {[%emt 0:00:20]} Qxc2 {[%emt 0:03:03]} 28. Bf6+ {[%emt 0:00:03]} Rg7 {[%emt 0:00:30]} 29. Rxg7 {[%emt 0:00:04]} Qc1+ {[%emt 0:00:30]} 30. Nd1 {[%emt 0:00:25]} Qf4 {[%emt 0:02:36]} 31. Rg6+ {[%emt 0:00:00]} Qxf6 {[%emt 0:00:01]} 32. Rxf6 {[%emt 0:00:14]} 1-0

[Event "2nd Turkish League 2017"]
[Site "Konya"]
[Date "2017.07.20"]
[Round "5"]
[White "Yasin, Hur"]
[Black "Simsek, Cevdet"]
[Result "1-0"]
[WhiteElo "2022"]
[BlackElo "2100"]
[Annotator "RC"]
[PlyCount "171"]
[EventType "team-tourn"]
[EventCountry "TUR"]
[SourceTitle "playchess.com"]
[Source "ChessBase"]
[SourceQuality "1"]
[TimeControl "5400+30"]

1. e4 {[%emt 0:00:30]} c6 {[%emt 0:01:00]} 2. d4 {[%emt 0:00:30]} d5 {[%emt 0:00:30]} 3. e5 {[%emt 0:00:30]} Bf5 {[%emt 0:00:00]} 4. h4 {[%emt 0:00:00]} h5 {[%emt 0:03:00]} 5. c4 {[%emt 0:00:00]} e6 {[%emt 0:00:30]} 6. Nc3 {[%emt 0:00:30]} Nd7 {[%emt 0:03:30]} 7. Nge2 {[%emt 0:02:30]} dxc4 {[%emt 0:08:30]} 8. Ng3 {[%emt 0:00:30]} Ne7 {[%emt 0:01:30]} 9. Bg5 {[%emt 0:00:30]} Qc7 {[%emt 0:07:30]} 10. Bxe7 {[%emt 0:03:30]} Bxe7 {[%emt 0:06:30]} 11. Nxf5 {[%emt 0:00:30]} exf5 {[%emt 0:00:30]} 12. Bxc4 {[%emt 0:00:30]} Nb6 {[%emt 0:16:30]} 13. Bb3 {[%emt 0:03:30]} Bb4 {[%emt 0:01:30]} 14. Qf3 {[%emt 0:08:30]} g6 {[%emt 0:03:30]} 15. O-O {[%emt 0:02:30]} O-O {[%emt 0:09:30]} 16. Ne2 {[%emt 0:01:30]} Bd2 {[%emt 0:02:30]} 17. Rfd1 {[%emt 0:11:30]} Bh6 {[%emt 0:00:30]} 18. Ng3 {[%emt 0:00:00]} Qe7 {[%emt 0:11:30]} 19. Nxf5 {[%emt 0:09:00]} gxf5 {[%emt 0:00:30]} 20. Qxf5 {[%emt 0:00:00]} Kg7 {[%emt 0:03:01]} 21. Rd3 {[%emt 0:00:00]} Rh8 {[%emt 0:00:10]} 22. e6 {[%emt 0:15:30]} f6 {[%emt 0:03:22]} 23. Rf3 {[%emt 0:01:30]} Rad8 {[%emt 0:03:06]} 24. Bc2 {[%emt 0:08:30]} Nd5 {[%emt 0:03:05]} 25. Re1 {[%emt 0:00:30]} Rd6 {[%emt 0:02:22]} 26. Qxh5 {[%emt 0:03:30]} Kf8 {[%emt 0:01:04]} 27. Bf5 {[%emt 0:03:30]} Bg7 {[%emt 0:00:36]} 28. Qg4 {[%emt 0:00:30]} Ke8 {[%emt 0:01:15]} 29. Rg3 {[%emt 0:00:30]} Bh6 {[%emt 0:00:08]} 30. Qh5+ {[%emt 0:06:18]} Kd8 {[%emt 0:00:23]} 31. Rg6 {[%emt 0:00:12]} Qf8 {[%emt 0:04:12]} 32. Qf3 {[%emt 0:03:38]} Ne7 {[%emt 0:00:26]} 33. Rg4 {[%emt 0:00:26]} Kc8 {[%emt 0:00:35]} 34. Rge4 {[%emt 0:02:52]} Bd2 {[%emt 0:02:11]} 35. Rd1 {[%emt 0:01:31]} Ba5 {[%emt 0:00:10]} 36. Bh3 {[%emt 0:00:26]} Bb6 {[%emt 0:00:43]} 37. Rf4 {[%emt 0:02:09]} Qd8 {[%emt 0:00:09]} 38. Qc3 {[%emt 0:02:59]} Kb8 {[%emt 0:00:21]} 39. Qc4 {[%emt 0:01:01]} Rf8 {[%emt 0:01:25]} 40. b4 {[%emt 0:00:39]} Nd5 {[%emt 0:00:43]} 41. Re4 {[%emt 0:00:51]} Qe7 {[%emt 0:00:01]} 42. b5 {[%emt 0:02:19]} cxb5 {[%emt 0:00:19]} 43. Qb3 {[%emt 0:00:51]} Rfd8 {[%emt 0:00:06]} 44. g3 {[%emt 0:00:28]} b4 {[%emt 0:00:02]} 45. Rc1 {[%emt 0:01:28]} Nc3 {[%emt 0:00:49]} 46. Ree1 {[%emt 0:00:01]} Rxd4 {[%emt 0:00:02]} 47. Rc2 {[%emt 0:02:27]} Rd3 {[%emt 0:00:32]} 48. Kg2 {[%emt 0:01:02]} Rd2 {[%emt 0:02:23]} 49. Rf1 {[%emt 0:01:10]} R2d3 {[%emt 0:01:11]} 50. a3 {[%emt 0:00:35]} a5 {[%emt 0:00:31]} 51. Bf5 {[%emt 0:01:10]} R3d5 {[%emt 0:00:30]} 52. g4 {[%emt 0:00:00]} Rd4 {[%emt 0:01:04]} 53. axb4 {[%emt 0:00:45]} axb4 {[%emt 0:00:30]} 54. Rxc3 {[%emt 0:00:00]} bxc3 {[%emt 0:00:20]} 55. Qxb6 {[%emt 0:00:00]} Qc7 {[%emt 0:00:06]} 56. Qb3 {[%emt 0:00:49]} Rc4 {[%emt 0:00:49]} 57. Re1 {[%emt 0:00:48]} Re8 {[%emt 0:00:32]} 58. Re2 {[%emt 0:00:49]} Re7 {[%emt 0:00:20]} 59. h5 {[%emt 0:00:00]} Qf4 {[%emt 0:00:48]} 60. Qa3 {[%emt 0:00:25]} Qc7 {[%emt 0:00:37]} 61. Ra2 {[%emt 0:00:35]} Qc5 {[%emt 0:00:24]} 62. Qa8+ {[%emt 0:01:30]} Kc7 {[%emt 0:00:00]} 63. Qf8 {[%emt 0:00:13]} Qc6+ {[%emt 0:00:27]} 64. f3 {[%emt 0:00:27]} Qd6 {[%emt 0:00:44]} 65. Ra8 {[%emt 0:00:25]} Kb6 {[%emt 0:00:17]} 66. Rd8 {[%emt 0:00:17]} Qb4 {[%emt 0:00:57]} 67. Rc8 {[%emt 0:00:40]} Rxc8 {[%emt 0:01:04]} 68. Qxc8 {[%emt 0:00:08]} Qc5 {[%emt 0:00:00]} 69. Qd8+ {[%emt 0:00:26]} Qc7 {[%emt 0:00:56]} 70. Qd4+ {[%emt 0:00:11]} Qc5 {[%emt 0:00:00]} 71. Qd8+ {[%emt 0:00:39]} Ka7 {[%emt 0:00:12]} 72. Qd3 {[%emt 0:00:27]} c2 {[%emt 0:00:14]} 73. Qxc2 {[%emt 0:00:00]} Qxc2+ {[%emt 0:00:30]} 74. Bxc2 {[%emt 0:00:03]} Rxe6 {[%emt 0:00:30]} 75. Bg6 {[%emt 0:00:30]} Rd6 {[%emt 0:00:13]} 76. h6 {[%emt 0:00:16]} Rd8 {[%emt 0:00:01]} 77. h7 {[%emt 0:00:17]} Rh8 {[%emt 0:00:04]} 78. Kg3 {[%emt 0:00:31]} b5 {[%emt 0:00:17]} 79. Kf4 {[%emt 0:01:16]} b4 {[%emt 0:00:09]} 80. Kf5 {[%emt 0:00:14]} Rf8 {[%emt 0:00:30]} 81. Ke6 {[%emt 0:00:00]} b3 {[%emt 0:00:00]} 82. Ke7 {[%emt 0:00:00]} Rb8 {[%emt 0:00:00]} 83. Bb1 {[%emt 0:01:54]} Kb6 {[%emt 0:00:02]} 84. Kxf6 {[%emt 0:00:00]} Kc5 {[%emt 0:00:08]} 85. g5 {[%emt 0:00:10]} Kd4 {[%emt 0:00:16]} 86. g6 {[%emt 0:00:18]} 1-0